Statistics for Countries with the most gaming revenue

Click here to take the quiz!

General Stats

  • This quiz has been taken 48 times
  • The average score is 20 of 25

Answer Stats

Revenue($)Country% Correct
27.5 billionChina
100%
12.5 billionJapan
100%
25.0 billionUnited States
100%
3.0 billionFrance
96%
4.2 billionUnited Kingdom
96%
1.9 billionCanada
93%
4.4 billionGermany
93%
1.9 billionItaly
93%
1.2 billionAustralia
91%
1.3 billionBrazil
91%
1.5 billionRussia
91%
1.4 billionMexico
87%
817 billionIndia
84%
1.9 billionSpain
84%
4.2 billionSouth Korea
82%
423 millionArgentina
73%
879 millionIndonesia
64%
567 millionNetherlands
60%
773 millionTurkey
60%
489 millionPoland
58%
597 millionThailand
58%
1.0 billionTaiwan
53%
431 millionIran
51%
586 millionMalaysia
49%
647 millionSaudi Arabia
42%

Score Distribution

Percentile by Number Answered

Percent of People with Each Score

Your Score History

You have not taken this quiz